Le groupe zoologique humain: structure et directions évolutives
Saved in:
| Hovedforfatter: | |
|---|---|
| Format: | Bog |
| Sprog: | fransk |
| Udgivet: |
París
Albin Michel
1956
|
| Serier: | <Les >Savants et le Monde
|
| Fag: | |
| Tags: |
Tilføj Tag
Ingen Tags, Vær først til at tagge denne postø!
|
MARC
| LEADER | 00000nam a2200000 a 4500 | ||
|---|---|---|---|
| 001 | UCU5780 | ||
| 003 | CL-VaPUC | ||
| 008 | 960614e19560000FR |||||||||||||||||fre|d | ||
| 082 | 0 | 4 | |a 215 |b TEI |2 21 |
| 100 | 0 | |a Teilhard de Chardin, Pierre |e author |9 315457 | |
| 245 | 1 | 3 | |a Le groupe zoologique humain: structure et directions évolutives |
| 942 | |c BK | ||
| 945 | |d 19960614 00:00:00 |a rbrito | ||
| 260 | |a París |b Albin Michel |c 1956 | ||
| 650 | 0 | |a Filosofía cristiana |9 265980 | |
| 650 | 0 | |a Ciencia |9 255691 | |
| 650 | 0 | |a Religión |9 255164 | |
| 583 | |a last modification |c 19960614 00:00:00 |k Rodrigo Vera | ||
| 490 | 0 | |a <Les >Savants et le Monde | |
| 999 | |c 248968 |d 248966 | ||
| 952 | |0 0 |1 0 |4 0 |6 215_000000000000000_TEI_1956 |7 0 |8 P |9 265937 |a BIBEDU |b BIBEDU |c BIBEDU_PB |d 2019-11-19 |i 3126005 |o 215 TEI 1956 |p 3126005 |r 2024-01-25 |w 2019-11-19 |y BK |k FIL | ||